000 00487nam a2200181Ia 4500
003 GCL
008 140319s9999 xx 000 0 ara d
040 _aGCL /
_cGCL
082 0 4 _a345.02
_bا م
100 1 _aاحمد ابوالروس
245 1 0 _aالمتهم /
_cاحمد ابوالروس
300 _a526 ص
490 _a100 قصة
_v0
650 0 4 _aالقانون الجنائى
650 0 4 _aالقانون
650 0 4 _aالجريمة والمجرمون
942 _2ddc
_cBK
999 _c43944
_d43944